| 000 -LEADER |
| fixed length control field |
00929cam a2200241 i 4500 |
| 003 - CONTROL NUMBER IDENTIFIER |
| control field |
OSt |
| 005 - DATE AND TIME OF LATEST TRANSACTION |
| control field |
20200312070637.0 |
| 008 - FIXED-LENGTH DATA ELEMENTS--GENERAL INFORMATION |
| fixed length control field |
200312b ||||| |||| 00| 0 eng d |
| 020 ## - INTERNATIONAL STANDARD BOOK NUMBER |
| International Standard Book Number |
9788193175620 |
| 040 ## - CATALOGING SOURCE |
| Original cataloging agency |
DLC |
| Language of cataloging |
eng |
| Description conventions |
rda |
| Transcribing agency |
DLC |
| Modifying agency |
DLC |
| 043 ## - GEOGRAPHIC AREA CODE |
| Geographic area code |
a-ii--- |
| 100 1# - MAIN ENTRY--PERSONAL NAME |
| Personal name |
Mehta, Malvika, |
| Relator term |
author. |
| 245 10 - TITLE STATEMENT |
| Title |
Innovative Indian interiors : |
| Remainder of title |
new trends in apartments, pent houses & villas / |
| Statement of responsibility, etc |
author, Malvika Mehta ; editor, Jaskaran Chauhan ; photography, Hemmant Patil. |
| 246 30 - VARYING FORM OF TITLE |
| Title proper/short title |
Indian Interiors |
| 300 ## - PHYSICAL DESCRIPTION |
| Extent |
455 pages : |
| Other physical details |
illustrations (black and white, and color) ; |
| Dimensions |
29 cm |
| 650 #0 - SUBJECT ADDED ENTRY--TOPICAL TERM |
| Topical term or geographic name as entry element |
Interior decoration |
| Geographic subdivision |
India. |
| 650 #0 - SUBJECT ADDED ENTRY--TOPICAL TERM |
| Topical term or geographic name as entry element |
Interior decoration |
| Geographic subdivision |
India |
| Form subdivision |
Pictorial works. |
| 650 #0 - SUBJECT ADDED ENTRY--TOPICAL TERM |
| Topical term or geographic name as entry element |
Interior architecture |
| Geographic subdivision |
India. |
| 650 #0 - SUBJECT ADDED ENTRY--TOPICAL TERM |
| Topical term or geographic name as entry element |
Interior architecture |
| Geographic subdivision |
India |
| Form subdivision |
Pictorial works. |
| 700 1# - ADDED ENTRY--PERSONAL NAME |
| Personal name |
Chauhan, Jaskaran, |
| Relator term |
editor. |
| 710 2# - ADDED ENTRY--CORPORATE NAME |
| Corporate name or jurisdiction name as entry element |
Interior Architecture Group (Ludhiana, India), |
| Relator term |
publisher. |
| 942 ## - ADDED ENTRY ELEMENTS (KOHA) |
| Source of classification or shelving scheme |
|